Compendio de leyes penales especiales
Guardat en:
| Autor corporatiu: | |
|---|---|
| Format: | Llibre |
| Idioma: | espanyol |
| Publicat: |
Santiago
Centro de Documentación Defensoría Penal Pública
2010
|
| Col·lecció: | Documentos Oficiales, 6
|
| Matèries: | |
| Etiquetes: |
Afegir etiqueta
Sense etiquetes, Sigues el primer a etiquetar aquest registre!
|
MARC
| LEADER | 00000nam a2200000 a 4500 | ||
|---|---|---|---|
| 001 | UCG6320 | ||
| 003 | CL-VaPUC | ||
| 008 | 110414e20101200CL |||||||||||||||||spa|d | ||
| 020 | |a 9789568349264 | ||
| 082 | 0 | 4 | |a 345.83 |b CEN |2 21 |
| 110 | 2 | |a Centro de Documentación Defensoría Penal Pública |e author |9 556436 | |
| 245 | 1 | 0 | |a Compendio de leyes penales especiales |
| 300 | |a 276 p | ||
| 942 | |c BK | ||
| 945 | |d 20110414 00:00:00 |a jcampos | ||
| 260 | |a Santiago |b Centro de Documentación Defensoría Penal Pública |c 2010 | ||
| 650 | 7 | |a DERECHO PENAL |2 CL-VaPUC |9 11 | |
| 650 | 0 | |a Ley penal |9 256611 | |
| 650 | 7 | |a DOCUMENTOS OFICIALES |2 CL-VaPUC |9 505982 | |
| 651 | 7 | |a CHILE |2 CL-VaPUC |9 556437 | |
| 583 | |a last modification |c 20110414 00:00:00 |k Rodrigo Vera | ||
| 490 | 0 | |a Documentos Oficiales, 6 | |
| 999 | |c 344582 |d 344580 | ||
| 952 | |0 0 |1 0 |4 0 |6 345_830000000000000_CEN_2010 |7 0 |8 A |9 442633 |a BIBDER |b BIBDER |d 2019-11-22 |i 4766474 |l 1 |o 345.83 CEN 2010 |p 4766474 |r 2024-11-08 |s 2024-11-08 |w 2019-11-22 |y BK |k DER | ||